| 000 | 01693cam a2200349 a 4500 | ||
|---|---|---|---|
| 001 | 13977840 | ||
| 005 | 20060724212401.0 | ||
| 008 | 050521s2004 enk b 001 0 eng | ||
| 010 | _a 2005276277 | ||
| 020 | _a9774248848 | ||
| 035 | _a(OCoLC)ocm56442125 | ||
| 040 |
_aUKM _cUKM _dC#P _dOCLCQ _dDLC |
||
| 042 | _alccopycat | ||
| 043 | _af-ua--- | ||
| 050 | 0 | 0 |
_aJQ3847 _b.A23 2004 |
| 082 | 0 | 0 |
_a300.962 _222 _bRAH |
| 100 | 1 |
_aAbdelrahman, Maha M. _97927 |
|
| 245 | 1 | 0 |
_aCivil Society Exposed : _bthe Politics of NGOs in Egypt / _cMaha M. Abdelrahman. |
| 260 |
_aLondon ; _aNew York : _bTauris Academic, _c2004. |
||
| 300 |
_avii, 228 p. ; _c25 cm. |
||
| 440 | 0 |
_aLibrary of modern Middle East studies ; _v40 _97928 |
|
| 504 | _aIncludes bibliographical references (p. 204-225) and index. | ||
| 650 | 0 |
_aCivil society _zEgypt. _97929 |
|
| 650 | 0 |
_aNon-governmental organizations _zEgypt. _97930 |
|
| 651 | 0 |
_aEgypt _xPolitics and government _y1981- _97931 |
|
| 856 | 4 | 2 |
_3Contributor biographical information _uhttp://www.loc.gov/catdir/enhancements/fy0626/2005276277-b.html |
| 856 | 4 | 2 |
_3Publisher description _uhttp://www.loc.gov/catdir/enhancements/fy0626/2005276277-d.html |
| 856 | 4 | 1 |
_3Table of contents only _uhttp://www.loc.gov/catdir/enhancements/fy0626/2005276277-t.html |
| 942 |
_2ddc _cBB |
||
| 999 |
_c12316 _d12316 |
||